[Event "Babina Greda active op"]
[Site "Babina Greda"]
[Date "2014.07.27"]
[Round "3"]
[White "Medak, Bojan"]
[Black "Vidalina, Franja"]
[Result "1-0"]
[WhiteElo "2415"]
[BlackElo "2058"]
[PlyCount "43"]
[EventDate "2014.07.27"]
[EventType "swiss"]
[EventRounds "9"]
[EventCountry "CRO"]
[SourceTitle "EXT 2016"]
[Source "ChessBase"]
[SourceDate "2015.10.08"]
[SourceVersion "1"]
[SourceVersionDate "2015.10.08"]
[SourceQuality "1"]

1. c4 Nf6 2. g3 c5 3. Bg2 Nc6 4. Nf3 g6 5. 0-0 Bg7 6. d4 cxd4 7. Nxd4 0-0 8. Nc3 Nxd4 9. Qxd4 d6 10. Qh4 Rb8 11. Rd1 Qc7 12. Bg5 Be6 13. b3 Rfe8 14. Rac1 Qb6 15. c5 dxc5 16. Na4 Qb4 17. Nxc5 Qxh4 18. Bxh4 Bc8 19. Ne4 Bf5 20. Bxf6 Bxe4 21. Bxg7 Bxg2 22. Be5 1-0

[Event "CRO-chT2 East"]
[Site "Croatia"]
[Date "2014.05.11"]
[Round "6.32"]
[White "Spoljar, Marijan"]
[Black "Vidalina, Franja"]
[Result "1-0"]
[WhiteElo "2236"]
[BlackElo "2066"]
[PlyCount "105"]
[EventDate "2014.04.26"]
[EventType "team-tourn"]
[EventRounds "11"]
[EventCountry "CRO"]
[SourceTitle "EXT 2019"]
[Source "ChessBase"]
[SourceDate "2018.10.10"]
[SourceVersion "1"]
[SourceVersionDate "2018.10.10"]
[SourceQuality "1"]

1. e4 e5 2. Nf3 Nc6 3. Bc4 Be7 4. 0-0 Nf6 5. Nc3 0-0 6. Re1 d6 7. h3 h6 8. d4 exd4 9. Nxd4 Nxd4 10. Qxd4 c6 11. Bf4 Qb6 12. Rad1 Rd8 13. Qxb6 axb6 14. Bxd6 Rxd6 15. Rxd6 Bxd6 16. e5 Bxe5 17. Rxe5 Kf8 18. Bb3 b5 19. a4 b4 20. Ne4 Nxe4 21. Rxe4 c5 22. Re5 b6 23. Rd5 Ke7 24. Rd1 Bd7 25. Bxf7 Bxa4 26. Bg6 Rd8 27. Rxd8 Kxd8 28. Kf1 Ke7 29. Ke2 Bc6 30. g3 Kf6 31. Bd3 Bd5 32. Ke3 Be6 33. h4 Bd5 34. f3 Ke5 35. f4+ Kf6 36. g4 Ke6 37. Bf5+ Kf6 38. Be4 Bf7 39. Bc6 Ke6 40. Bb7 g6 41. Bc8+ Kd6 42. g5 hxg5 43. hxg5 Bd5 44. Bg4 Bf7 45. f5 gxf5 46. Bxf5 Ke5 47. Be4 Be8 48. b3 Bf7 49. Bd3 Bd5 50. g6 Kf6 51. Kf4 b5 52. Bxb5 Kxg6 53. Ke5 1-0

[Event "CRO-chT2 Ost"]
[Site "Osijek"]
[Date "2012.04.22"]
[Round "3.24"]
[White "Vidalina, Franja"]
[Black "Vernacki, Srdjan"]
[Result "0-1"]
[WhiteElo "2102"]
[BlackElo "2308"]
[PlyCount "62"]
[EventDate "2012.04.21"]
[EventType "team-tourn"]
[EventRounds "11"]
[EventCountry "CRO"]
[SourceTitle "EXT 2014"]
[Source "ChessBase"]
[SourceDate "2013.11.20"]
[SourceVersion "1"]
[SourceVersionDate "2013.11.20"]
[SourceQuality "1"]

1. e4 c5 2. Nf3 e6 3. d4 cxd4 4. Nxd4 a6 5. Nc3 Qc7 6. Be2 Nf6 7. 0-0 Be7 8. Kh1 0-0 9. Be3 Nc6 10. f4 d6 11. Qe1 Na5 12. Bf3 Nc4 13. Bc1 e5 14. Nf5 Bxf5 15. exf5 Rfe8 16. Qg3 Rac8 17. Nd5 Nxd5 18. Bxd5 Bf6 19. c3 b5 20. Qf3 Qc5 21. b3 Nb6 22. Bb7 Qxc3 23. Be3 e4 24. Qf2 Qxa1 25. Bxc8 Qc3 26. Rc1 Qxc1+ 27. Bxc1 Rxc8 28. Bb2 e3 29. Qe2 Bxb2 30. g3 Re8 31. Kg2 d5 0-1

[Event "CRO-chT2 East"]
[Site "Croatia"]
[Date "2011.10.15"]
[Round "8"]
[White "Djurovic, Goran"]
[Black "Vidalina, Franja"]
[Result "1-0"]
[WhiteElo "2353"]
[BlackElo "2087"]
[PlyCount "87"]
[EventDate "2011.04.02"]
[EventType "tourn"]
[EventRounds "11"]
[EventCountry "CRO"]
[SourceTitle "EXT 2014"]
[Source "ChessBase"]
[SourceDate "2013.11.20"]
[SourceVersion "1"]
[SourceVersionDate "2013.11.20"]
[SourceQuality "1"]

1. e4 e5 2. Nf3 Nc6 3. Bb5 a6 4. Ba4 Nf6 5. 0-0 Be7 6. Re1 b5 7. Bb3 d6 8. c3 0-0 9. h3 Na5 10. Bc2 c5 11. d4 cxd4 12. cxd4 Qc7 13. Nbd2 Nc6 14. Nb3 Nb4 15. Bb1 a5 16. a3 Nc6 17. Be3 a4 18. Nbd2 Na5 19. Bd3 Bd7 20. Qe2 Qb8 21. Reb1 Nc4 22. b3 Nxe3 23. fxe3 Qe8 24. dxe5 dxe5 25. Nxe5 Bc5 26. Nxd7 Qxd7 27. Bxb5 Bxe3+ 28. Qxe3 Qxb5 29. Nf3 Rfd8 30. bxa4 Qxa4 31. e5 Nd5 32. Qg5 h6 33. Qg4 Qa7+ 34. Kh1 Qf2 35. Rf1 Qb2 36. e6 f5 37. Qxf5 Ne3 38. Qf7+ Kh8 39. Nh4 Nxf1 40. Rxf1 Qxa3 41. e7 Re8 42. Ng6+ Kh7 43. Nf8+ Kh8 44. Qf5 1-0

[Event "CRO-chT2 East"]
[Site "Croatia"]
[Date "2011.04.03"]
[Round "3"]
[White "Vidalina, Franja"]
[Black "Sargac, Rajna"]
[Result "1/2-1/2"]
[WhiteElo "2087"]
[BlackElo "2186"]
[PlyCount "20"]
[EventDate "2011.04.02"]
[EventType "tourn"]
[EventRounds "11"]
[EventCountry "CRO"]
[SourceTitle "EXT 2014"]
[Source "ChessBase"]
[SourceDate "2013.11.20"]
[SourceVersion "1"]
[SourceVersionDate "2013.11.20"]
[SourceQuality "1"]

1. e4 e6 2. d4 d5 3. exd5 exd5 4. c4 Nf6 5. Nf3 Bb4+ 6. Nc3 0-0 7. Be2 Nc6 8. 0-0 Be6 9. cxd5 Nxd5 10. Bd2 Be7 1/2-1/2

[Event "Bjelovar op 4th"]
[Site "Bjelovar"]
[Date "2008.09.20"]
[Round "6"]
[White "Vidalina, Franja"]
[Black "Kalajzic, Ivan"]
[Result "0-1"]
[WhiteElo "2043"]
[BlackElo "2228"]
[PlyCount "100"]
[EventDate "2008.09.18"]
[EventType "swiss"]
[EventRounds "7"]
[EventCountry "CRO"]
[SourceTitle "CBM 126 Extra"]
[Source "ChessBase"]
[SourceDate "2008.11.05"]
[SourceVersion "1"]
[SourceVersionDate "2008.11.05"]
[SourceQuality "1"]

1. e4 Nc6 2. Nf3 d6 3. d4 Nf6 4. Nc3 Bg4 5. Be2 g6 6. h3 Bxf3 7. Bxf3 e5 8. Ne2 Bg7 9. c3 0-0 10. 0-0 Re8 11. Qc2 d5 12. exd5 Nxd5 13. dxe5 Nxe5 14. Bxd5 Qxd5 15. Be3 Nc4 16. Bd4 Bh6 17. Rfd1 Qb5 18. b4 Nd6 19. Ng3 Bf4 20. a4 Qc4 21. Qd3 Qxd3 22. Rxd3 Nc4 23. Rf3 Bh6 24. Nf1 Re2 25. Ng3 Re6 26. Rf6 Ree8 27. Rf3 a6 28. Rd3 Re6 29. Rdd1 Rae8 30. a5 Bf4 31. Bc5 Bd2 32. Bd4 f5 33. Nf1 Bh6 34. Nh2 Nd2 35. Nf3 Nxf3+ 36. gxf3 Bf8 37. Kf1 Kf7 38. Re1 Rxe1+ 39. Rxe1 Rxe1+ 40. Kxe1 Ke6 41. Ke2 Kd5 42. Kd3 c5 43. bxc5 Bxc5 44. Be3 Bxe3 45. fxe3 g5 46. c4+ Ke5 47. Kd2 h5 48. Ke2 Kd6 49. Kd3 h4 50. e4 g4 0-1

[Event "Bjelovar op 4th"]
[Site "Bjelovar"]
[Date "2008.09.18"]
[Round "2"]
[White "Slamar, Velimir"]
[Black "Vidalina, Franja"]
[Result "1/2-1/2"]
[WhiteElo "2217"]
[BlackElo "2043"]
[PlyCount "81"]
[EventDate "2008.09.18"]
[EventType "swiss"]
[EventRounds "7"]
[EventCountry "CRO"]
[SourceTitle "CBM 126 Extra"]
[Source "ChessBase"]
[SourceDate "2008.11.05"]
[SourceVersion "1"]
[SourceVersionDate "2008.11.05"]
[SourceQuality "1"]

1. e4 c5 2. Nf3 Nc6 3. d4 cxd4 4. Nxd4 Nf6 5. Nc3 e5 6. Ndb5 d6 7. Nd5 Nxd5 8. exd5 Nb8 9. Bd3 Be7 10. c4 0-0 11. 0-0 a6 12. Nc3 f5 13. f4 Nd7 14. Kh1 e4 15. Be2 Nf6 16. Be3 Bd7 17. Rc1 b6 18. b4 Re8 19. c5 bxc5 20. bxc5 dxc5 21. d6 Bf8 22. Bxc5 Be6 23. Qa4 Rc8 24. Qb4 Rc6 25. Rfd1 Qb8 26. Qd4 Qc8 27. Na4 Bxd6 28. g3 Bxc5 29. Nxc5 Bxa2 30. Ra1 Rxc5 31. Rxa2 a5 32. Rda1 Rd8 33. Qe3 Nd5 34. Qb3 Rc3 35. Qb1 Rc5 36. Rxa5 Rxa5 37. Rxa5 Nc3 38. Qb3+ Kh8 39. Bc4 e3 40. Kg2 Qc6+ 41. Kh3 1/2-1/2

[Event "Bizovac Metalis op 14th"]
[Site "Bizovac"]
[Date "2007.02.22"]
[Round "1"]
[White "Vidalina, Franja"]
[Black "Jovanovic, Zoran"]
[Result "0-1"]
[WhiteElo "2031"]
[BlackElo "2557"]
[PlyCount "76"]
[EventDate "2007.02.22"]
[EventType "swiss"]
[EventRounds "7"]
[EventCountry "CRO"]
[SourceTitle "CBM 116 Extra"]
[Source "ChessBase"]
[SourceDate "2007.03.07"]
[SourceVersion "1"]
[SourceVersionDate "2007.03.07"]
[SourceQuality "1"]

1. e4 c5 2. Nf3 d6 3. d4 cxd4 4. Nxd4 Nf6 5. Nc3 Nc6 6. Be2 g6 7. 0-0 Bg7 8. Nxc6 bxc6 9. e5 dxe5 10. Qxd8+ Kxd8 11. Bf3 Bb7 12. Bg5 h6 13. Be3 Kc7 14. Bc5 Rhe8 15. Rad1 Nd7 16. Ba3 f5 17. g3 e4 18. Bg2 Nb6 19. Ne2 Ba6 20. Nf4 e5 21. Nxg6 Bxf1 22. Bxf1 Rad8 23. Re1 Rd2 24. Nh4 Bf8 25. Nxf5 Bxa3 26. bxa3 Rxc2 27. Nxh6 c5 28. Bb5 Rf8 29. Ng4 c4 30. a4 c3 31. a5 Nd5 32. Bc4 Nb4 33. Rxe4 Rb2 34. Bb3 c2 35. Rc4+ Kd6 36. Kg2 Nd3 37. Ne3 Rxf2+ 38. Kh3 Rxh2+ 0-1